Liverpool Number 9’s - Statistics

General Stats
  • This quiz has been taken 22 times
  • The average score is 6 of 9
Answer Stats
Hint Answer % Correct
2016/17 - 2022/23 Roberto Firmino
91%
1980/81 - 1986/87 Ian Rush
86%
1995/96 - 2001/02 Robbie Fowler
82%
2023/24- 2024/25 Darwin Nunez
68%
2007/08 - 2010/11 Fernando Torres
68%
2025/26 - Alexander Isak
64%
2010/11 - 2012/13 Andy Carroll
50%
2015/16 Christian Benteke
41%
2014/15 Rickie Lambert
27%
No matching quizzes found
Score Distribution
Percent of People with Each Score
Percentile by Number Answered
Your Score History
You have not taken this quiz